Statistics for Two-Word Country Names

Click here to take the quiz!

General Stats

  • This quiz has been taken 41 times
  • The average score is 19 of 26

Answer Stats

Answer% Correct
South Korea
97%
North Korea
94%
South Africa
94%
South Sudan
92%
New Zealand
86%
Dominican Republic
81%
East Timor
81%
United Kingdom
81%
Guinea-Bissau
78%
North Macedonia
78%
Sri Lanka
78%
El Salvador
75%
Equatorial Guinea
75%
St. Lucia
75%
Burkina Faso
72%
Cape Verde
69%
San Marino
69%
Vatican City
67%
Costa Rica
64%
Ivory Coast
64%
Marshall Islands
61%
Saudi Arabia
61%
Solomon Islands
61%
United States
58%
Czech Republic
56%
Sierra Leone
56%

Score Distribution

Percentile by Number Answered

Percent of People with Each Score

Your Score History

You have not taken this quiz